Visualizzazione normale
Vista MARC
- Misraki Paul
di Personal Name
Records bibliografici associati: 1
001 - CONTROL NUMBER
- control field: 44570
003 - CONTROL NUMBER IDENTIFIER
- control field: IT-RoPau
005 - DATE AND TIME OF LATEST TRANSACTION
- control field: 20151129152159.0
008 - FIXED-LENGTH DATA ELEMENTS
- fixed length control field: 151129|| aca||aabn | a|a d
040 ## - CATALOGING SOURCE
- Original cataloging agency: IT-RoPau
- Transcribing agency: IT-RoPau
100 ## - HEADING--PERSONAL NAME
- Personal name: Misraki Paul
- Relator term: (musica)
- Miscellaneous information: Codice Musica SPICS: 16067
670 ## - SOURCE DATA FOUND
- Source citation: Work cat.: (IT-RoPau)106004: Bunuel Luis Codice regista SPICS: 8694 36748, ISOLA CHE SCOTTA (L') ISOLA CHE SCOTTA (L') (Rif. Codice opera principale : 48285)